Online Public Access Catalog -OPAC

Modern language notes (Record no. 78094)

MARC details
000 -LEADER
fixed length control field 00412nam a2200133Ia 4500
008 - FIXED-LENGTH DATA ELEMENTS--GENERAL INFORMATION
fixed length control field 151029 1983xxua e| 0 0 0 eng
040 ## - CATALOGING SOURCE
Original cataloging agency NG-ZaABU
050 ## - LIBRARY OF CONGRESS CALL NUMBER
Classification number P1
245 #0 - TITLE STATEMENT
Title Modern language notes
Remainder of title french issue
Statement of responsibility, etc. 1983
260 ## - PUBLICATION, DISTRIBUTION, ETC.
Place of publication, distribution, etc. Baltimore
Name of publisher, distributor, etc. The John Hopkins University Press
300 ## - PHYSICAL DESCRIPTION
Extent 1389p.,: ill.
700 ## - ADDED ENTRY--PERSONAL NAME
Personal name McClain, H.William;Anderson,Wilda

No items available.

Customized by ICT Technical Service Unit on 29th Dec 2022

Kashim Ibrahim Library